Prognostic impact of the IASLC grading system of lung adenocarcinoma a systematic review and meta-analysis /

Aims: Tumour grading is an essential part of the pathologic assessment that promotes patient management. The International Association for the Study of Lung Cancer (IASLC) proposed a grading system for non-mucinous lung adenocarcinoma in 2020. We aimed to validate the prognostic impact of this novel...

Teljes leírás

Elmentve itt :
Bibliográfiai részletek
Szerzők: Hegedűs Fanni
Zombori-Tóth Noémi
Kiss Szabolcs
Lantos Tamás
Zombori Tamás
Dokumentumtípus: Cikk
Megjelent: 2024
Sorozat:HISTOPATHOLOGY 85 No. 1
Tárgyszavak:
doi:10.1111/his.15172

mtmt:34756942
Online Access:http://publicatio.bibl.u-szeged.hu/34721
LEADER 02459nab a2200265 i 4500
001 publ34721
005 20240926093421.0
008 240926s2024 hu o 000 eng d
022 |a 0309-0167 
024 7 |a 10.1111/his.15172  |2 doi 
024 7 |a 34756942  |2 mtmt 
040 |a SZTE Publicatio Repozitórium  |b hun 
041 |a eng 
100 1 |a Hegedűs Fanni 
245 1 0 |a Prognostic impact of the IASLC grading system of lung adenocarcinoma  |h [elektronikus dokumentum] :  |b a systematic review and meta-analysis /  |c  Hegedűs Fanni 
260 |c 2024 
300 |a 51-61 
490 0 |a HISTOPATHOLOGY  |v 85 No. 1 
520 3 |a Aims: Tumour grading is an essential part of the pathologic assessment that promotes patient management. The International Association for the Study of Lung Cancer (IASLC) proposed a grading system for non-mucinous lung adenocarcinoma in 2020. We aimed to validate the prognostic impact of this novel grading system on overall survival (OS) and recurrence-free survival (RFS) based on literature data. Methods and Results: The review protocol was registered in PROSPERO (CRD42023396059). We aimed to identify randomized or non-randomized controlled trials published after 2020 comparing different IASLC grade categories in Medline, Embase, and CENTRAL. Hazard ratios (HRs) with 95% confidence intervals (CIs) of OS and RFS were pooled and the Quality In Prognosis Studies (QUIPS) tool was used to assess the risk of bias in the included studies. Ten articles were eligible for this review. Regarding OS estimates, grade 1 lung adenocarcinomas were better than grade 3 both in univariate and multivariate analyses (HROSuni = 0.19, 95% CI: 0.05-0.66, p = 0.009; HROSmulti = 0.21, 95% CI: 0.12-0.38, p < 0.001). Regarding RFS estimates, grade 3 adenocarcinomas had a worse prognosis than grade 1 in multivariate analysis (HRRFSmulti: 0.22, 95% CI: 0.14-0.35, p < 0.001). Conclusion: The literature data and the result of our meta-analysis demonstrate the prognostic relevance of the IASLC grading system. This supports the inclusion of this prognostic parameter in daily routine worldwide. 
650 4 |a Klinikai orvostan 
700 0 2 |a Zombori-Tóth Noémi  |e aut 
700 0 2 |a Kiss Szabolcs  |e aut 
700 0 2 |a Lantos Tamás  |e aut 
700 0 2 |a Zombori Tamás  |e aut 
856 4 0 |u http://publicatio.bibl.u-szeged.hu/34721/1/Histopathology-2024-Hegedus-PrognosticimpactoftheIASLCgradingsystemoflungadenocarcinomaasystematicreview.pdf  |z Dokumentum-elérés